<?xml version="1.0" encoding="UTF-8"?>
<record
    xmlns:xsi="http://www.w3.org/2001/XMLSchema-instance"
    xsi:schemaLocation="http://www.loc.gov/MARC21/slim http://www.loc.gov/standards/marcxml/schema/MARC21slim.xsd"
    xmlns="http://www.loc.gov/MARC21/slim">

  <leader>02163nam a22002537a 4500</leader>
  <controlfield tag="003">Uzh_bibl</controlfield>
  <controlfield tag="008">260417b        |||||||| |||| 00| 0 ukr d</controlfield>
  <datafield tag="020" ind1=" " ind2=" ">
    <subfield code="a">878-617-7205-88-2</subfield>
    <subfield code="c">52.50</subfield>
  </datafield>
  <datafield tag="040" ind1=" " ind2=" ">
    <subfield code="b">&#x443;&#x43A;&#x440;.</subfield>
  </datafield>
  <datafield tag="041" ind1=" " ind2=" ">
    <subfield code="2">ukr</subfield>
    <subfield code="a">ukr</subfield>
  </datafield>
  <datafield tag="080" ind1=" " ind2=" ">
    <subfield code="a">929</subfield>
  </datafield>
  <datafield tag="090" ind1=" " ind2=" ">
    <subfield code="a">929</subfield>
    <subfield code="b">&#x41A; 61</subfield>
  </datafield>
  <datafield tag="100" ind1=" " ind2=" ">
    <subfield code="a">&#x41A;&#x43E;&#x43B;&#x43E;&#x43C;&#x456;&#x454;&#x446;&#x44C;,&#x420;&#x43E;&#x441;&#x442;&#x438;&#x441;&#x43B;&#x430;&#x432;</subfield>
  </datafield>
  <datafield tag="245" ind1=" " ind2=" ">
    <subfield code="a">&#x413;&#x43D;&#x430;&#x442; &#x425;&#x43E;&#x442;&#x43A;&#x435;&#x432;&#x438;&#x447;</subfield>
    <subfield code="h">&#x422;&#x435;&#x43A;&#x441;&#x442;</subfield>
  </datafield>
  <datafield tag="260" ind1=" " ind2=" ">
    <subfield code="a">&#x425;&#x430;&#x440;&#x43A;&#x456;&#x432;</subfield>
    <subfield code="b">&#x422;&#x41E;&#x412; "&#x421;&#x438;&#x446;&#x438;&#x43B;&#x456;&#x44F;"</subfield>
    <subfield code="c">2019</subfield>
  </datafield>
  <datafield tag="300" ind1=" " ind2=" ">
    <subfield code="a">121 &#x441;.</subfield>
    <subfield code="f">&#x412; &#x43E;&#x43F;&#x440;.</subfield>
  </datafield>
  <datafield tag="520" ind1=" " ind2=" ">
    <subfield code="a">&#x413;&#x43D;&#x430;&#x442; &#x425;&#x43E;&#x442;&#x43A;&#x435;&#x432;&#x438;&#x447; (1877&#x2014;1938) &#x2014; &#x43C;&#x438;&#x442;&#x435;&#x446;&#x44C; &#x43D;&#x435;&#x431;&#x430;&#x447;&#x435;&#x43D;&#x43E;&#x433;&#x43E; &#x432; &#x443;&#x43A;&#x440;&#x430;&#x457;&#x43D;&#x441;&#x44C;&#x43A;&#x456;&#x439; &#x445;&#x443;&#x434;&#x43E;&#x436;&#x43D;&#x456;&#x439; &#x43A;&#x443;&#x43B;&#x44C;&#x442;&#x443;&#x440;&#x456; &#x43C;&#x430;&#x441;&#x448;&#x442;&#x430;&#x431;&#x443; &#x442;&#x432;&#x43E;&#x440;&#x447;&#x43E;&#x441;&#x442;&#x456;: &#x431;&#x430;&#x43D;&#x434;&#x443;&#x440;&#x438;&#x441;&#x442;, &#x43F;&#x438;&#x441;&#x44C;&#x43C;&#x435;&#x43D;&#x43D;&#x438;&#x43A;, &#x43C;&#x438;&#x441;&#x442;&#x435;&#x446;&#x442;&#x432;&#x43E;&#x437;&#x43D;&#x430;&#x432;&#x435;&#x446;&#x44C;, &#x442;&#x435;&#x430;&#x442;&#x440;&#x430;&#x43B;&#x44C;&#x43D;&#x438;&#x439; &#x434;&#x456;&#x44F;&#x447;, &#x456;&#x441;&#x442;&#x43E;&#x440;&#x438;&#x43A;, &#x43F;&#x435;&#x434;&#x430;&#x433;&#x43E;&#x433;, &#x435;&#x442;&#x43D;&#x43E;&#x433;&#x440;&#x430;&#x444;, &#x445;&#x443;&#x434;&#x43E;&#x436;&#x43D;&#x438;&#x43A;... &#x423;&#x43A;&#x440;&#x430;&#x457;&#x43D;&#x441;&#x44C;&#x43A;&#x438;&#x439; &#x41B;&#x435;&#x43E;&#x43D;&#x430;&#x440;&#x434;&#x43E; &#x434;&#x43E; &#x412;&#x456;&#x43D;&#x447;&#x456; &#x2014; &#x442;&#x430;&#x43A;&#x438;&#x43C; &#x432;&#x456;&#x43D; &#x443;&#x44F;&#x432;&#x43B;&#x44F;&#x454;&#x442;&#x44C;&#x441;&#x44F; &#x441;&#x44C;&#x43E;&#x433;&#x43E;&#x434;&#x43D;&#x456;. &#x421;&#x432;&#x43E;&#x454;&#x44E; &#x442;&#x432;&#x43E;&#x440;&#x447;&#x456;&#x441;&#x442;&#x44E; &#x456; &#x43E;&#x440;&#x433;&#x430;&#x43D;&#x456;&#x437;&#x430;&#x446;&#x456;&#x439;&#x43D;&#x43E;-&#x442;&#x432;&#x43E;&#x440;&#x447;&#x43E;&#x44E; &#x434;&#x456;&#x44F;&#x43B;&#x44C;&#x43D;&#x456;&#x441;&#x442;&#x44E; &#x432;&#x456;&#x43D; &#x43E;&#x445;&#x43E;&#x43F;&#x438;&#x432; &#x443;&#x441;&#x44E; &#x423;&#x43A;&#x440;&#x430;&#x457;&#x43D;&#x443; &#x2014; &#x432;&#x456;&#x434; &#x421;&#x43B;&#x43E;&#x431;&#x43E;&#x436;&#x430;&#x43D;&#x449;&#x438;&#x43D;&#x438; &#x434;&#x43E; &#x41A;&#x430;&#x440;&#x43F;&#x430;&#x442;. &#x41D;&#x456;&#x449;&#x43E; &#x2014; &#x43D;&#x456; &#x43C;&#x430;&#x442;&#x435;&#x440;&#x456;&#x430;&#x43B;&#x44C;&#x43D;&#x456; &#x43D;&#x435;&#x441;&#x442;&#x430;&#x442;&#x43A;&#x438;, &#x43D;&#x456; &#x432;&#x438;&#x43C;&#x443;&#x448;&#x435;&#x43D;&#x430; &#x435;&#x43C;&#x456;&#x433;&#x440;&#x430;&#x446;&#x456;&#x44F;, &#x43D;&#x456; &#x43F;&#x435;&#x440;&#x435;&#x441;&#x43B;&#x456;&#x434;&#x443;&#x432;&#x430;&#x43D;&#x43D;&#x44F; &#x437; &#x431;&#x43E;&#x43A;&#x443; &#x446;&#x430;&#x440;&#x438;&#x437;&#x43C;&#x443;, &#x43D;&#x456; &#x442;&#x435;&#x440;&#x43E;&#x440; &#x437;&#x430; &#x447;&#x430;&#x441;&#x456;&#x432; &#x440;&#x430;&#x434;&#x44F;&#x43D;&#x441;&#x44C;&#x43A;&#x43E;&#x457; &#x432;&#x43B;&#x430;&#x434;&#x438; &#x2014; &#x43D;&#x435; &#x43C;&#x43E;&#x433;&#x43B;&#x43E; &#x432;&#x433;&#x430;&#x43C;&#x443;&#x432;&#x430;&#x442;&#x438; &#x439;&#x43E;&#x433;&#x43E; &#x441;&#x43F;&#x440;&#x430;&#x433;&#x438; &#x434;&#x43E; &#x442;&#x432;&#x43E;&#x440;&#x447;&#x43E;&#x441;&#x442;&#x456;. &#x41C;&#x438;&#x442;&#x435;&#x446;&#x44C; &#x443;&#x43A;&#x440;&#x430;&#x457;&#x43D;&#x441;&#x44C;&#x43A;&#x43E;&#x433;&#x43E; &#x440;&#x43E;&#x437;&#x441;&#x442;&#x440;&#x456;&#x43B;&#x44F;&#x43D;&#x43E;&#x433;&#x43E; &#x412;&#x456;&#x434;&#x440;&#x43E;&#x434;&#x436;&#x435;&#x43D;&#x43D;&#x44F;, &#x440;&#x43E;&#x43C;&#x430;&#x43D;&#x442;&#x438;&#x43A; &#x443; &#x436;&#x438;&#x442;&#x442;&#x456; &#x456; &#x43F;&#x440;&#x43E;&#x432;&#x438;&#x434;&#x435;&#x446;&#x44C; &#x443; &#x442;&#x432;&#x43E;&#x440;&#x447;&#x43E;&#x441;&#x442;&#x456;, &#x432;&#x456;&#x43D; &#x431;&#x443;&#x432; &#x43F;&#x43E;&#x442;&#x440;&#x456;&#x431;&#x435;&#x43D; &#x441;&#x432;&#x43E;&#x454;&#x43C;&#x443; &#x43D;&#x430;&#x440;&#x43E;&#x434;&#x43E;&#x432;&#x456; &#x443; &#x43D;&#x430;&#x439;&#x432;&#x430;&#x436;&#x447;&#x456; &#x434;&#x43B;&#x44F; &#x43D;&#x44C;&#x43E;&#x433;&#x43E; &#x447;&#x430;&#x441;&#x438;. &#x41F;&#x43E;&#x442;&#x440;&#x456;&#x431;&#x435;&#x43D; &#x432;&#x456;&#x43D; &#x456; &#x43D;&#x430;&#x43C;, &#x439;&#x43E;&#x433;&#x43E; &#x43D;&#x430;&#x449;&#x430;&#x434;&#x43A;&#x430;&#x43C;, &#x44F;&#x43A;&#x456; &#x432;&#x438;&#x431;&#x443;&#x434;&#x43E;&#x432;&#x443;&#x44E;&#x442;&#x44C; &#x443;&#x43A;&#x440;&#x430;&#x457;&#x43D;&#x441;&#x44C;&#x43A;&#x443; &#x434;&#x435;&#x440;&#x436;&#x430;&#x432;&#x443;.</subfield>
  </datafield>
  <datafield tag="521" ind1=" " ind2=" ">
    <subfield code="a">&#x414;&#x43B;&#x44F; &#x448;&#x438;&#x440;&#x43E;&#x43A;&#x43E;&#x433;&#x43E; &#x43A;&#x43E;&#x43B;&#x430; &#x447;&#x438;&#x442;&#x430;&#x447;&#x456;&#x432;</subfield>
  </datafield>
  <datafield tag="546" ind1=" " ind2=" ">
    <subfield code="a">&#x443;&#x43A;&#x440;.</subfield>
  </datafield>
  <datafield tag="650" ind1=" " ind2=" ">
    <subfield code="a">&#x41D;&#x430;&#x443;&#x43A;&#x43E;&#x432;&#x43E;-&#x43F;&#x43E;&#x43F;&#x443;&#x43B;&#x44F;&#x440;&#x43D;&#x435; &#x432;&#x438;&#x434;&#x430;&#x43D;&#x43D;&#x44F;</subfield>
  </datafield>
  <datafield tag="653" ind1=" " ind2=" ">
    <subfield code="a">&#x415;&#x442;&#x43D;&#x43E;&#x433;&#x440;&#x430;&#x444;</subfield>
    <subfield code="a">&#x425;&#x443;&#x434;&#x43E;&#x436;&#x43D;&#x438;&#x43A;</subfield>
    <subfield code="a">&#x41F;&#x435;&#x434;&#x430;&#x433;&#x43E;&#x433;</subfield>
  </datafield>
  <datafield tag="655" ind1=" " ind2=" ">
    <subfield code="a">&#x411;&#x456;&#x43E;&#x433;&#x440;&#x430;&#x444;&#x456;&#x457; &#x456; &#x43C;&#x435;&#x43C;&#x443;&#x430;&#x440;&#x438;</subfield>
  </datafield>
  <datafield tag="942" ind1=" " ind2=" ">
    <subfield code="2">udc</subfield>
    <subfield code="c">BK</subfield>
  </datafield>
  <datafield tag="999" ind1=" " ind2=" ">
    <subfield code="c">17369</subfield>
    <subfield code="d">17369</subfield>
  </datafield>
  <datafield tag="952" ind1=" " ind2=" ">
    <subfield code="0">0</subfield>
    <subfield code="1">0</subfield>
    <subfield code="2">udc</subfield>
    <subfield code="4">0</subfield>
    <subfield code="7">0</subfield>
    <subfield code="a">CMB</subfield>
    <subfield code="b">CMB</subfield>
    <subfield code="c">AB</subfield>
    <subfield code="d">2026-04-17</subfield>
    <subfield code="i">72343</subfield>
    <subfield code="l">0</subfield>
    <subfield code="o">929</subfield>
    <subfield code="p">19314</subfield>
    <subfield code="r">2026-04-17</subfield>
    <subfield code="w">2026-04-17</subfield>
    <subfield code="y">BK</subfield>
  </datafield>
</record>
